LEADER 00947nam0-22002771i-450- 001 990000990830403321 010 $a2-8254-9578-7 035 $a000099083 035 $aFED01000099083 035 $a(Aleph)000099083FED01 035 $a000099083 100 $a20000920d1978----km-y0itay50------ba 101 0 $aeng 200 1 $aFaith Science and the Future$ePreparatory readings for a World Conference organized by the World Council of Churches at the Massachusetts Institute of Technology, Cambridge, Mass., USA July 12-24, 1979$fEditorial committee Charles Birch ... [et al.] 210 $aGeneva$cWorld Council of Churches$d1978 610 0 $aProblemi energetici 676 $a00-09 700 1$aBirch,$bCharles$046676 801 0$aIT$bUNINA$gRICA$2UNIMARC 901 $aBK 912 $a990000990830403321 952 $a1H-061$b12772$fFI1 959 $aFI1 996 $aFaith Science and the Future$9353928 997 $aUNINA DB $aING01